| 000 | 01014nac a22002411u 4500 | ||
|---|---|---|---|
| 010 | _a 92012181 | ||
| 020 | _a0849344190 (acid-free paper) | ||
| 082 | 0 | 0 |
_a363.7387 _bAGE |
| 090 |
_c7086 _d7086 |
||
| 100 | _a A. Geyer, Richard | ||
| 245 | 0 | 2 |
_aA Global warming forum : _bscientific, economic, and legal overview / _cedited by Richard A. Geyer. |
| 260 |
_aBoca Raton : _bCRC Press,c1993. _cc1993. |
||
| 300 |
_a638 p. : _bill., maps ; _c26 cm. |
||
| 500 | _aDistributer: Al-Ahram. | ||
| 504 | _aIncludes bibliographical references and index. | ||
| 511 | _aCatalogued By: Mahitab. | ||
| 650 | 0 | _aGlobal warming. | |
| 700 | 1 | _aGeyer, Richard A. | |
| 856 | 4 | 2 |
_3Publisher description _uhttp://www.loc.gov/catdir/enhancements/fy0744/92012181-d.html |
| 856 | 4 | 2 |
_3Table of contents _uhttp://www.loc.gov/catdir/toc/fy0801/92012181.html |
| 942 |
_cBB _k363.7387AGE |
||
| 999 |
_c7086 _d7086 |
||